00628nam a2200157 a 4500003000200000005001700002008004100019050002900060100002000089245014400109260009000253300002300343504004100366650002700407650003600434020250430091003.0080527s19uu xx 00 eng d aPHS LB 1025.3b.S27 2005 aSaso, Takamasa. aA Comparative study on the perceptions of High School students on the teaching performance of male and female instructors /cTakamasa Saso. aLas Piñas City, Philippines :bSouthville International School and Colleges,c2005. a31 pages ;c28 cm. aIncludes bibliographical references. aTeacher effectiveness. aStudent evaluation of teachers.